<?xml version="1.0" encoding="UTF-8"?><marc:collection xmlns:marc="http://www.loc.gov/MARC21/slim">
  <marc:record>
    <marc:leader>00000nam##2200000za#4500</marc:leader>
    <marc:controlfield tag="001">9.639541</marc:controlfield>
    <marc:controlfield tag="003">CaOODSP</marc:controlfield>
    <marc:controlfield tag="005">20210624222224</marc:controlfield>
    <marc:controlfield tag="007">cr |||||||||||</marc:controlfield>
    <marc:controlfield tag="008">150407|1997||||xxc|||||o    f|0| 0 fre|d</marc:controlfield>
    <marc:datafield tag="040" ind1=" " ind2=" ">
      <marc:subfield code="a">CaOODSP</marc:subfield>
      <marc:subfield code="b">fre</marc:subfield>
    </marc:datafield>
    <marc:datafield tag="043" ind1=" " ind2=" ">
      <marc:subfield code="a">n-cn---</marc:subfield>
    </marc:datafield>
    <marc:datafield tag="086" ind1="1" ind2=" ">
      <marc:subfield code="a">H46-3/7-1997F-PDF</marc:subfield>
    </marc:datafield>
    <marc:datafield tag="110" ind1="1" ind2=" ">
      <marc:subfield code="a">Canada. </marc:subfield>
      <marc:subfield code="b">Santé Canada.</marc:subfield>
    </marc:datafield>
    <marc:datafield tag="245" ind1="1" ind2="0">
      <marc:subfield code="a">Évaluation environnementale et la santé humaine : </marc:subfield>
      <marc:subfield code="h">[ressource électronique]</marc:subfield>
      <marc:subfield code="b">perspectives, approches et orientations : document d'information pour l'étude internationale sur l'efficacité de l'évaluation environnementale / </marc:subfield>
      <marc:subfield code="c">par Katherine Davies et Barry Sadler. </marc:subfield>
    </marc:datafield>
    <marc:datafield tag="260" ind1=" " ind2=" ">
      <marc:subfield code="a">Ottawa - Ontario : </marc:subfield>
      <marc:subfield code="b">Santé Canada </marc:subfield>
      <marc:subfield code="c">Mai 1997.</marc:subfield>
    </marc:datafield>
    <marc:datafield tag="300" ind1=" " ind2=" ">
      <marc:subfield code="a">56p.</marc:subfield>
      <marc:subfield code="b">figures, graphique, références, tableaux</marc:subfield>
    </marc:datafield>
    <marc:datafield tag="500" ind1=" " ind2=" ">
      <marc:subfield code="a">«Le présent rapport, préparé dans le cadre de l'Étude internationale sur l'efficacité de l'évaluation environnementale, est inspiré de l'expérience acquise en la matière au Canada et sur la scène internationale. On y passe en revue des perspectives et des approches fondamentales relativement à l'intégration d'un volet santé dans le processus d'évaluation environnementale. Conçu essentiellement comme un document de travail, le rapport constitue en outre une introduction à l'information, aux méthodes et aux instruments qui permettent d'ores et déjà d'exécuter ce qu'on appelle parfois l'«évaluation de l'impact sur la santé». Enfin, le rapport se termine par un programme d'action, jugé nécessaire pour faire la promotion de cette nouvelle discipline.»--p.4 de 56.</marc:subfield>
    </marc:datafield>
    <marc:datafield tag="500" ind1=" " ind2=" ">
      <marc:subfield code="a">Le n° de catalogue (H46-3/7-1997F) et l'ISBN (0-660-95678-0) de l'édition imprimée ont été incorrectement copiés dans l'édition électronique.</marc:subfield>
    </marc:datafield>
    <marc:datafield tag="504" ind1=" " ind2=" ">
      <marc:subfield code="a">Bibliographie.</marc:subfield>
    </marc:datafield>
    <marc:datafield tag="520" ind1="3" ind2=" ">
      <marc:subfield code="a">«Le présent rapport, préparé dans le cadre de l'Étude internationale sur l'efficacité de l'évaluation environnementale, est inspiré de l'expérience acquise en la matière au Canada et sur la scène internationale. On y passe en revue des perspectives et des approches fondamentales relativement à l'intégration d'un volet santé dans le processus d'évaluation environnementale. Conçu essentiellement comme un document de travail, le rapport constitue en outre une introduction à l'information, aux méthodes et aux instruments qui permettent d'ores et déjà d'exécuter ce qu'on appelle parfois l'évaluation de l'impact sur la santé. Enfin, le rapport se termine par un programme d'action, jugé nécessaire pour faire la promotion de cette nouvelle discipline.»--p.4 de 56.</marc:subfield>
    </marc:datafield>
    <marc:datafield tag="590" ind1=" " ind2=" ">
      <marc:subfield code="a">12-15-Supp</marc:subfield>
      <marc:subfield code="b">2012-04-13</marc:subfield>
    </marc:datafield>
    <marc:datafield tag="691" ind1="0" ind2="7">
      <marc:subfield code="a">Santé</marc:subfield>
      <marc:subfield code="2">gcpds</marc:subfield>
    </marc:datafield>
    <marc:datafield tag="691" ind1="0" ind2="7">
      <marc:subfield code="a">Évaluation environnementale</marc:subfield>
      <marc:subfield code="2">gcpds</marc:subfield>
    </marc:datafield>
    <marc:datafield tag="720" ind1="1" ind2=" ">
      <marc:subfield code="a">Sadler, Barry</marc:subfield>
    </marc:datafield>
    <marc:datafield tag="720" ind1="1" ind2=" ">
      <marc:subfield code="a">Davies, Katherine</marc:subfield>
    </marc:datafield>
    <marc:datafield tag="775" ind1="0" ind2="8">
      <marc:subfield code="t">Environmental assessment and human health : </marc:subfield>
      <marc:subfield code="w">(CaOODSP)9.695402</marc:subfield>
    </marc:datafield>
    <marc:datafield tag="776" ind1="0" ind2="#">
      <marc:subfield code="t">Évaluation environnementale et la santé humaine: perspectives, approches et orientations : </marc:subfield>
      <marc:subfield code="w">(CaOODSP)9.680154</marc:subfield>
    </marc:datafield>
    <marc:datafield tag="856" ind1="4" ind2="0">
      <marc:subfield code="a">http://publications.gc.ca</marc:subfield>
      <marc:subfield code="q">PDF</marc:subfield>
      <marc:subfield code="s">341 Ko</marc:subfield>
      <marc:subfield code="u">https://publications.gc.ca/collections/Collection/H46-3-7-1997F.pdf</marc:subfield>
    </marc:datafield>
  </marc:record>
</marc:collection>
